Statistics for European city quiz

Click here to take the quiz!

General Stats

  • This quiz has been taken 78 times
    (31 since last reset)
  • The average score is 16 of 17

Answer Stats

Hint City % Correct
Capital of the NetherlandsAmsterdam
100%
Capital of UkraineKiev
100%
Leaning tower ofPisa
100%
Capital of RussiaMoscow
100%
Where Buckingham Palace isLondon
100%
Often mistaken for the capital of SpainBarcelona
100%
Capital of PortugalLisbon
100%
A wall seperated this cityBerlin
100%
Famous city in TurkeyIstanbul
100%
Capital of AustriaVienna
100%
Hamburgers are named after which city?Hamburg
96%
City that belongs to the UK and borders SpainGibraltar
96%
Beach city in Southern France with a film festivalCannes
96%
Where the Eiffel Tower isParis
96%
City state that borders FranceMonaco
88%
City state in ItalySan Marino
88%
Former city in Yugoslavia, hosted the OlympicsSarajevo
79%

Score Distribution

Percentile by Number Answered

Percent of People with Each Score

Your Score History

You have not taken this quiz since the last reset